000 01027nam0a22002771 4500
001 rc\2593789
005 20250623124545.0
035 _a(NLR Aleph) 006758014
090 _a5814371
_c5814371
100 _a20110914d1929 |||y0rusy50 ca
101 0 _arus
102 _aRU
105 _aac z |||||
200 1 _aНачальная физика...
_fА. Цингер
205 _a17-е изд.
210 _aМосква
_aЛенинград
_cГос. изд-во
_d1929
_eЛенинград
_gтип. Печатный двор
215 _a416 с., [7] вклад. л. красочн. ил.
_cил., портр., черт., диагр.
_d24х17 см.
300 _aИллюстрации: П. В. Абрамов, Л. Ф. Капустин, Д. О. Мохнач... [и др.]
700 1 _aЦингер
_bА.В.
_f1870-1934
_gАлександр Васильевич
801 0 _aRU
_bNLR
_gpsbo
801 1 _aRU
_bELAR
_2rusmarc
852 _aNLR
_j65/307
852 _aNLR
_j93/1816
942 _cBOOK
980 _aNB